000 01110 a2200229 4500
001 47681
005 20260407155743.0
008 260407a1971 arg spa d
003 AR-UNSa-BCEJYS
040 _aAR-UNSa-BCEJYS
_bspa
_cAR-UNSa-BCEJYS
080 _a330.43
_xEconometría
245 1 0 _aIntroducción a la econometría
264 1 _aMéxico :
_bSiglo Veintiuno editores
_c1971
300 _a255 p.
_c21 cm.
505 _a1. La concepción de los modelos - 2. Elementos constitutivos de los modelos - 3.Características relevantes de la construcción de los modelos económicos - 4. Proceso lógico-empírico en la construcción de modelos econométricos - 5. Teoría de la estimación en modelos uniecuacionales - 6. Introducción al análisis econométrico de los modelos multiecuacionales - 7. Clasificación de los modelos económicos -
041 _aspa
942 _cBK
590 _aniveau_biblio:m niveau_hierar:0
100 1 _aDagum, Camilo
700 1 _aBee de Dagum, Estela María
856 4 1 _uhttps://biblioeco.unsa.edu.ar/pmb/images/libros/L127647.jpg
_yImagen de portada
_qimage/jpeg
999 _c4443
_d4443